Atlas of Osteoarthritis

This Atlas provides an up-to-date and comprehensive overview of the historical and current perspectives on osteoarthritis, including the pathophysiology and epidemiology of the disease. Written by leading authors in the field of osteoarthritis, the book discusses classification, etiology and risk fa...

Πλήρης περιγραφή

Λεπτομέρειες βιβλιογραφικής εγγραφής
Κύριοι συγγραφείς: Arden, Nigel (Συγγραφέας), Blanco, Francisco (Συγγραφέας), Cooper, C. (Συγγραφέας), Guermazi, Ali (Συγγραφέας), Hayashi, Daichi (Συγγραφέας), Hunter, David (Συγγραφέας), Javaid, M. Kassim (Συγγραφέας), Rannou, Francois (Συγγραφέας), Roemer, Frank (Συγγραφέας), Reginster, Jean-Yves (Συγγραφέας)
Συγγραφή απο Οργανισμό/Αρχή: SpringerLink (Online service)
Μορφή: Ηλεκτρονική πηγή Ηλ. βιβλίο
Γλώσσα:English
Έκδοση: Tarporley : Springer Healthcare Ltd. : Imprint: Springer Healthcare, 2014.
Θέματα:
Διαθέσιμο Online:Full Text via HEAL-Link
LEADER 03349nam a22005655i 4500
001 978-1-910315-16-3
003 DE-He213
005 20151204141244.0
007 cr nn 008mamaa
008 150119s2014 xxk| s |||| 0|eng d
020 |a 9781910315163  |9 978-1-910315-16-3 
024 7 |a 10.1007/978-1-910315-16-3  |2 doi 
040 |d GrThAP 
050 4 |a RC927-927.5 
072 7 |a MJM  |2 bicssc 
072 7 |a MED083000  |2 bisacsh 
082 0 4 |a 616.723  |2 23 
100 1 |a Arden, Nigel.  |e author. 
245 1 0 |a Atlas of Osteoarthritis  |h [electronic resource] /  |c by Nigel Arden, Francisco Blanco, C. Cooper, Ali Guermazi, Daichi Hayashi, David Hunter, M. Kassim Javaid, Francois Rannou, Frank Roemer, Jean-Yves Reginster. 
264 1 |a Tarporley :  |b Springer Healthcare Ltd. :  |b Imprint: Springer Healthcare,  |c 2014. 
300 |a X, 90 p. 72 illus., 40 illus. in color.  |b online resource. 
336 |a text  |b txt  |2 rdacontent 
337 |a computer  |b c  |2 rdamedia 
338 |a online resource  |b cr  |2 rdacarrier 
347 |a text file  |b PDF  |2 rda 
505 0 |a Introduction: historical and current perspectives on osteoarthritis -- Epidemiology of osteoarthritis -- Pathophysiology of osteoarthritis -- Clinical features and diagnosis of osteoarthritis -- Assessing joint damage in osteoarthritis -- Treatment of osteoarthritis. 
520 |a This Atlas provides an up-to-date and comprehensive overview of the historical and current perspectives on osteoarthritis, including the pathophysiology and epidemiology of the disease. Written by leading authors in the field of osteoarthritis, the book discusses classification, etiology and risk factors for osteoarthritis, the disease course and determinants of osteoarthritis progression, clinical features and diagnosis as well as imaging methods to assess joint damage. The Atlas of Osteoarthritis concludes with the latest treatment updates including both nonpharmacological and pharmacological treatments, as well as surgical recommendations for patients with the disease. Osteoarthritis is the most common form of joint disease causing joint pain, stiffness, and physical disability among adults. It is an important issue for both the individual and society with its impact on public health continuing to grow as a result of the aging population, the rising prevalence of obesity, and the lack of definitive treatments to prevent or halt the progress of the disease. 
650 0 |a Medicine. 
650 0 |a General practice (Medicine). 
650 0 |a Rheumatology. 
650 0 |a Pharmacy. 
650 1 4 |a Medicine & Public Health. 
650 2 4 |a Rheumatology. 
650 2 4 |a Drug Safety and Pharmacovigilance. 
650 2 4 |a General Practice / Family Medicine. 
700 1 |a Blanco, Francisco.  |e author. 
700 1 |a Cooper, C.  |e author. 
700 1 |a Guermazi, Ali.  |e author. 
700 1 |a Hayashi, Daichi.  |e author. 
700 1 |a Hunter, David.  |e author. 
700 1 |a Javaid, M. Kassim.  |e author. 
700 1 |a Rannou, Francois.  |e author. 
700 1 |a Roemer, Frank.  |e author. 
700 1 |a Reginster, Jean-Yves.  |e author. 
710 2 |a SpringerLink (Online service) 
773 0 |t Springer eBooks 
776 0 8 |i Printed edition:  |z 9781910315156 
856 4 0 |u http://dx.doi.org/10.1007/978-1-910315-16-3  |z Full Text via HEAL-Link 
912 |a ZDB-2-SME 
950 |a Medicine (Springer-11650)